| 000 | 00682nam a2200205 i 4500 | ||
|---|---|---|---|
| 001 | 65492 | ||
| 003 | ES-MaACL | ||
| 005 | 20250809063500.0 | ||
| 007 | t| | ||
| 008 | 040114s1958 sp ||||1| spa d | ||
| 100 | 1 |
_aFreyer, Hans, _d1887-1969 _952565 |
|
| 245 | 1 | 0 |
_aHistoria Universal de Europa / _cHans Freyer ; [lo tradujo del alemán Antonio Tovar]. |
| 260 |
_aMadrid : _bGuadarrama, _c[1958] ( _fCastilla) |
||
| 300 |
_a742 p., 24 lám. : _bgraf. ; _c22 cm. |
||
| 490 | 1 | _aHistoria y pensamiento | |
| 700 | 1 |
_aTovar, Antonio, _d1911-1985 _9111167 |
|
| 830 | 0 |
_aHistoria y pensamiento _9230748 |
|
| 852 |
_aES-MaACL _jC-15412 _bR.43176 |
||
| 999 |
_c65492 _d65492 |
||